[Event "Berlin-ch Seniors op 32nd"]
[Site "Berlin"]
[Date "2016.01.26"]
[Round "1"]
[White "Bluhm, Guenter"]
[Black "Ahlberg, Guenter"]
[Result "0-1"]
[WhiteElo "1759"]
[BlackElo "2038"]
[PlyCount "52"]
[EventDate "2016.01.26"]
[EventType "swiss"]
[EventRounds "9"]
[EventCountry "GER"]
[SourceTitle "EXT 2019"]
[Source "ChessBase"]
[SourceDate "2018.10.10"]
[SourceVersion "1"]
[SourceVersionDate "2018.10.10"]
[SourceQuality "1"]

1. e4 c6 2. d4 d5 3. e5 Bf5 4. Nc3 e6 5. g4 Bg6 6. Nge2 Bb4 7. a3 Bxc3+ 8. Nxc3 f6 9. h4 fxe5 10. dxe5 Nd7 11. h5 Bf7 12. f4 Qc7 13. Qe2 0-0-0 14. Bd2 Ne7 15. 0-0-0 a6 16. Bg2 h6 17. Rdf1 c5 18. Rh3 Nc6 19. Qe1 Rhf8 20. Rhf3 Nd4 21. Re3 Nc6 22. Bxd5 exd5 23. e6 d4 24. Nd5 Qd6 25. exd7+ Kb8 26. Re8 Qxd5 0-1

[Event "Berlin-ch Seniors op 31st"]
[Site "Berlin"]
[Date "2015.02.04"]
[Round "6"]
[White "Roth, Joachim"]
[Black "Ahlberg, Guenter"]
[Result "1-0"]
[WhiteElo "1951"]
[BlackElo "1844"]
[PlyCount "81"]
[EventDate "2015.01.29"]
[EventType "swiss"]
[EventRounds "9"]
[EventCountry "GER"]
[SourceTitle "EXT 2018"]
[Source "ChessBase"]
[SourceDate "2017.10.13"]
[SourceVersion "1"]
[SourceVersionDate "2017.10.13"]
[SourceQuality "1"]

1. c4 c6 2. g3 d5 3. Bg2 Bg4 4. Nf3 e6 5. 0-0 Nd7 6. b3 Be7 7. Bb2 Bf6 8. Qc2 Bf5 9. d3 Rc8 10. Nbd2 Bxb2 11. Qxb2 Qf6 12. Qa3 a6 13. e4 Bg6 14. Rfe1 Qe7 15. Qc1 Nc5 16. Qc2 Nf6 17. b4 dxe4 18. dxe4 Ncd7 19. Nh4 e5 20. c5 0-0 21. Nc4 Ne8 22. Nxg6 fxg6 23. Rad1 b5 24. cxb6 Rb8 25. Na5 Rxb6 26. Nxc6 Qf6 27. Rc1 Nd6 28. a4 Rc8 29. Qb3+ Kf8 30. Rc3 Qf7 31. Rf3 Nf6 32. Qxf7+ Kxf7 33. Nxe5+ Ke6 34. Nd3 Ng4 35. Nc5+ Ke7 36. e5 Nf5 37. Rf4 Ngh6 38. Rd1 a5 39. bxa5 Rbc6 40. Bxc6 Rxc6 41. Rd5 1-0

[Event "Berlin-ch Seniors op 31st"]
[Site "Berlin"]
[Date "2015.01.29"]
[Round "1"]
[White "Ahlberg, Guenter"]
[Black "Bauer, Stefan"]
[Result "1-0"]
[WhiteElo "1844"]
[BlackElo "1500"]
[PlyCount "90"]
[EventDate "2015.01.29"]
[EventType "swiss"]
[EventRounds "9"]
[EventCountry "GER"]
[SourceTitle "EXT 2018"]
[Source "ChessBase"]
[SourceDate "2017.10.13"]
[SourceVersion "1"]
[SourceVersionDate "2017.10.13"]
[SourceQuality "1"]

1. e4 c5 2. Nf3 d6 3. Bb5+ Bd7 4. a4 Nf6 5. Qe2 a6 6. Bc4 e6 7. c3 Be7 8. d4 0-0 9. 0-0 Nc6 10. Rd1 Qc7 11. e5 Ne8 12. exd6 Bxd6 13. Nbd2 Nf6 14. Nf1 Rae8 15. Be3 cxd4 16. cxd4 Na5 17. Rdc1 Qb8 18. N1d2 Nc6 19. Bb3 Ne7 20. Nc4 Bc7 21. Nce5 Bc6 22. Bg5 Bd5 23. Bxd5 Nexd5 24. Rab1 h6 25. Bh4 g5 26. Bg3 Re7 27. b4 Bd6 28. b5 a5 29. Nd2 Nb6 30. Qd1 Nfd5 31. h4 Nf4 32. Bxf4 Bxe5 33. Bxe5 Qe8 34. Ne4 f5 35. Nf6+ Rxf6 36. Bxf6 Rh7 37. Be5 Nd5 38. Rc5 g4 39. Rbc1 Ne7 40. Qb3 Kf7 41. Bd6 Nd5 42. Rc8 Qd7 43. R8c7 Nxc7 44. Rxc7 Kg6 45. Rxd7 Rxd7 1-0

[Event "Hessen-ch Seniors op 10th"]
[Site "Bad Sooden-Allendorf"]
[Date "2014.04.27"]
[Round "2"]
[White "Ahlberg, Guenter"]
[Black "Schwenke, Norbert"]
[Result "1-0"]
[WhiteElo "2022"]
[BlackElo "1644"]
[PlyCount "97"]
[EventDate "2014.04.26"]
[EventType "swiss"]
[EventRounds "9"]
[EventCountry "GER"]
[SourceTitle "EXT 2018"]
[Source "ChessBase"]
[SourceDate "2017.10.13"]
[SourceVersion "1"]
[SourceVersionDate "2017.10.13"]
[SourceQuality "1"]

1. e4 d5 2. exd5 Nf6 3. Bc4 c6 4. dxc6 Nxc6 5. d3 e6 6. Nf3 a6 7. a4 Bc5 8. 0-0 0-0 9. Bg5 Be7 10. Nc3 Bd7 11. Qe2 Re8 12. Rfe1 Rc8 13. h3 Na5 14. Ne5 Nxc4 15. Nxc4 Rc5 16. Be3 Rh5 17. Ne4 g6 18. Ng3 Rd5 19. Bb6 Qc8 20. Be3 Bc5 21. Bxc5 Qxc5 22. Ne4 Nxe4 23. Qxe4 Bc6 24. Qe3 Qe7 25. Ne5 Rc8 26. Ng4 Rh5 27. Qd4 Qg5 28. f4 Qxg4 29. hxg4 Rh4 30. g3 Rxg4 31. Kf2 h5 32. Rg1 Re8 33. Qf6 Kf8 34. a5 Bd7 35. Rae1 Rc8 36. c3 Ke8 37. Re5 Rd8 38. Rg5 Rxg5 39. Qxg5 Bc6 40. d4 Rd5 41. Qh4 Rf5 42. b4 Be4 43. Re1 Bd5 44. Re5 g5 45. Qxh5 g4 46. Rxf5 exf5 47. Qxf5 Be6 48. Qe5 Kd7 49. d5 1-0

[Event "Berlin-ch Seniors op 30th"]
[Site "Berlin"]
[Date "2014.02.03"]
[Round "5"]
[White "Ahlberg, Guenter"]
[Black "Schraepel, Manfred"]
[Result "1/2-1/2"]
[WhiteElo "1893"]
[BlackElo "1757"]
[PlyCount "74"]
[EventDate "2014.01.30"]
[EventType "swiss"]
[EventRounds "9"]
[EventCountry "GER"]
[SourceTitle "EXT 2018"]
[Source "ChessBase"]
[SourceDate "2017.10.13"]
[SourceVersion "1"]
[SourceVersionDate "2017.10.13"]
[SourceQuality "1"]

1. e4 c5 2. Nf3 Nc6 3. Bb5 d6 4. c3 a6 5. Ba4 b5 6. Bc2 e5 7. d4 Bg4 8. d5 Na5 9. Nbd2 Nf6 10. Nf1 Be7 11. h3 Bh5 12. Ng3 Bg6 13. Qe2 0-0 14. Nh4 c4 15. Nhf5 Qc7 16. 0-0 Bd8 17. f4 Bxf5 18. Nxf5 Nb7 19. fxe5 dxe5 20. Bg5 Ne8 21. Be3 Nbd6 22. a4 Nxf5 23. Rxf5 Rb8 24. axb5 axb5 25. Ra7 Qd6 26. Qf2 f6 27. Bc5 Bb6 28. Bxb6 Rxb6 29. Rd7 Qxd7 30. Qxb6 Nd6 31. Rf1 Ra8 32. Qc5 Qa7 33. Qxa7 Rxa7 34. Rb1 Ra2 35. Kf2 Kf7 36. Kf3 g6 37. g4 Ke7 1/2-1/2

[Event "Wuerttemberg-ch Seniors op 25th"]
[Site "Freudenstadt"]
[Date "2013.07.06"]
[Round "5"]
[White "Ahlberg, Guenter"]
[Black "Sukatsch, Manfred"]
[Result "1/2-1/2"]
[WhiteElo "2002"]
[BlackElo "1985"]
[PlyCount "122"]
[EventDate "2013.07.06"]
[EventType "swiss"]
[EventRounds "9"]
[EventCountry "GER"]
[SourceTitle "EXT 2019"]
[Source "ChessBase"]
[SourceDate "2018.10.10"]
[SourceVersion "1"]
[SourceVersionDate "2018.10.10"]
[SourceQuality "1"]

1. e4 c5 2. Nf3 Nc6 3. Bb5 d6 4. c3 a6 5. Ba4 b5 6. Bc2 g6 7. d4 cxd4 8. Nxd4 Nxd4 9. Qxd4 Nf6 10. 0-0 Bg7 11. Rd1 Qc7 12. a4 Bb7 13. axb5 axb5 14. Rxa8+ Bxa8 15. Na3 Bc6 16. f3 0-0 17. Qf2 Rb8 18. Bd3 Qa5 19. Nc2 Nd7 20. Nb4 Ba8 21. Be3 Ne5 22. Bc2 Nc4 23. Bb3 Nxe3 24. Qxe3 Bf8 25. e5 dxe5 26. Qxe5 Rc8 27. Qe1 e6 28. Nc2 Qb6+ 29. Kf1 Bd6 30. Qh4 Re8 31. h3 Be7 32. Qd4 Qb8 33. Qe3 Bd6 34. Qd4 Be5 35. Qe3 Bf6 36. Nd4 Qb6 37. Nc2 Qc7 38. Nd4 Qb8 39. Nc2 Rd8 40. Rxd8+ Qxd8 41. Nb4 Qb8 42. Nc2 Kg7 43. Nb4 h6 44. Nd3 Bg5 45. Qd4+ Bf6 46. Qe3 Qh2 47. Qg1 Qg3 48. Qf2 Qd6 49. Qe3 Bg5 50. Qe5+ Qxe5 51. Nxe5 Kf6 52. Nd3 Be3 53. c4 bxc4 54. Bxc4 e5 55. Nb4 Bd4 56. b3 Bc3 57. Bd5 Bxb4 58. Bxa8 Kf5 59. g3 h5 60. h4 Kf6 61. g4 Ke6 1/2-1/2

[Event "Niedersachsen-ch Seniors op 14th"]
[Site "Bad Bevensen"]
[Date "2011.07.08"]
[Round "4"]
[White "Perk, Egbert"]
[Black "Ahlberg, Guenter"]
[Result "0-1"]
[WhiteElo "1801"]
[BlackElo "1924"]
[PlyCount "120"]
[EventDate "2011.07.05"]
[EventType "swiss"]
[EventRounds "9"]
[EventCountry "GER"]
[SourceTitle "EXT 2012"]
[Source "ChessBase"]
[SourceDate "2011.11.24"]
[SourceVersion "1"]
[SourceVersionDate "2011.11.24"]
[SourceQuality "1"]

1. c4 c6 2. g3 d5 3. Bg2 Nf6 4. cxd5 cxd5 5. d4 Nc6 6. Nc3 Bf5 7. Bf4 e6 8. Nf3 Be7 9. 0-0 0-0 10. h3 Rc8 11. g4 Be4 12. e3 a6 13. Rc1 Na5 14. Qe2 b5 15. Nxe4 Nxe4 16. Nd2 Nxd2 17. Qxd2 Nc4 18. Qe2 Bd6 19. Bxd6 Qxd6 20. b3 Nb6 21. Qb2 b4 22. Rxc8 Rxc8 23. Rc1 Rc6 24. Bf1 Nd7 25. Bd3 Qc7 26. Rxc6 Qxc6 27. Qc2 Qxc2 28. Bxc2 h6 29. Kf1 Kf8 30. Ke2 Ke7 31. Bd3 a5 32. f3 Kd6 33. f4 f6 34. Bb5 Nf8 35. h4 Ng6 36. h5 Ne7 37. Kf3 Nc8 38. Kg3 Kc7 39. Kf3 Nd6 40. Bd3 Nf7 41. e4 dxe4+ 42. Bxe4 Kd6 43. Bg6 Nd8 44. Ke4 Nc6 45. Be8 Ne7 46. Bf7 Nd5 47. f5 Nc3+ 48. Kf4 e5+ 49. dxe5+ fxe5+ 50. Ke3 Nxa2 51. g5 Ke7 52. gxh6 gxh6 53. Be6 Nc3 54. Kd3 a4 55. bxa4 Nxa4 56. Kc4 b3 57. Kb4 b2 58. Ba2 Nb6 59. Kb3 Kf6 60. Bb1 Nd5 0-1

[Event "Niedersachsen-ch Seniors op 14th"]
[Site "Bad Bevensen"]
[Date "2011.07.06"]
[Round "2"]
[White "Matrisch, Gerd"]
[Black "Ahlberg, Guenter"]
[Result "1-0"]
[WhiteElo "1774"]
[BlackElo "1924"]
[PlyCount "45"]
[EventDate "2011.07.05"]
[EventType "swiss"]
[EventRounds "9"]
[EventCountry "GER"]
[SourceTitle "EXT 2012"]
[Source "ChessBase"]
[SourceDate "2011.11.24"]
[SourceVersion "1"]
[SourceVersionDate "2011.11.24"]
[SourceQuality "1"]

1. e4 c6 2. d4 d5 3. e5 Bf5 4. c4 dxc4 5. Bxc4 e6 6. Nf3 Bb4+ 7. Bd2 Bxd2+ 8. Qxd2 Bg4 9. Ng5 Bf5 10. Nc3 Ne7 11. Nge4 Bxe4 12. Nxe4 Nf5 13. g4 Nh4 14. 0-0-0 0-0 15. f4 b5 16. Bd3 Nd7 17. Qf2 Ng6 18. f5 Ne7 19. f6 Ng6 20. g5 Qb6 21. fxg7 Kxg7 22. Nf6 Ndxe5 23. Nh5+ 1-0

[Event "Hessen-ch Seniors op 07th"]
[Site "Bad Sooden-Allendorf"]
[Date "2011.05.08"]
[Round "9"]
[White "Ninic, Milutin"]
[Black "Ahlberg, Guenter"]
[Result "0-1"]
[WhiteElo "1654"]
[BlackElo "1887"]
[PlyCount "104"]
[EventDate "2011.04.30"]
[EventType "swiss"]
[EventRounds "9"]
[EventCountry "GER"]
[SourceTitle "EXT 2012"]
[Source "ChessBase"]
[SourceDate "2011.11.24"]
[SourceVersion "1"]
[SourceVersionDate "2011.11.24"]
[SourceQuality "1"]

1. Nf3 c6 2. g3 d5 3. d3 Bg4 4. Bg2 e6 5. 0-0 Nd7 6. c4 Bd6 7. Nc3 Ngf6 8. h3 Bh5 9. a3 a5 10. e4 dxc4 11. dxc4 Qc7 12. b3 0-0 13. Be3 Rfd8 14. Qc2 h6 15. Nd4 Bc5 16. Rfe1 Bg6 17. Qe2 Qd6 18. Nc2 Bxe3 19. Qxe3 Nc5 20. Rad1 Qe7 21. b4 axb4 22. axb4 Ncd7 23. f4 Nf8 24. Rd2 Rxd2 25. Qxd2 Rd8 26. Qe2 Rd7 27. e5 Ne8 28. c5 Rd3 29. Ne4 Bxe4 30. Qxe4 Qd7 31. Kh2 Nc7 32. Re2 Nb5 33. Re3 Rd2 34. Re2 Ng6 35. Rxd2 Qxd2 36. f5 Nc3 37. Qd4 Qxc2 38. fxg6 fxg6 39. Qd8+ Kh7 40. Qd7 Nd5 41. Kg1 Qc1+ 42. Kf2 Qd2+ 43. Kf3 h5 44. Bf1 Qe3+ 45. Kg2 Qxe5 46. Qxb7 Qe4+ 47. Kg1 Qd4+ 48. Kh2 Nxb4 49. Qe7 Qf6 50. Qb7 Qxf1 51. Qxb4 Qf2+ 52. Kh1 Qxg3 0-1

[Event "Hessen-ch Seniors op 07th"]
[Site "Bad Sooden-Allendorf"]
[Date "2011.05.03"]
[Round "4"]
[White "Von Janta, Lothar"]
[Black "Ahlberg, Guenter"]
[Result "0-1"]
[WhiteElo "1692"]
[BlackElo "1887"]
[PlyCount "51"]
[EventDate "2011.04.30"]
[EventType "swiss"]
[EventRounds "9"]
[EventCountry "GER"]
[SourceTitle "EXT 2012"]
[Source "ChessBase"]
[SourceDate "2011.11.24"]
[SourceVersion "1"]
[SourceVersionDate "2011.11.24"]
[SourceQuality "1"]

1. c4 c6 2. Nc3 d5 3. cxd5 cxd5 4. d4 Nc6 5. Bg5 h6 6. Bh4 Qa5 7. e3 e6 8. Nf3 Bb4 9. Qd2 Bd7 10. Be2 Rc8 11. 0-0 Nge7 12. a3 Bxc3 13. Qxc3 Qxc3 14. bxc3 Nf5 15. Bg3 Nxg3 16. fxg3 0-0 17. Rac1 Na5 18. Ne5 Be8 19. Bd1 f6 20. Ng4 Rf7 21. Nf2 Rfc7 22. e4 Rxc3 23. Rb1 Rxa3 24. exd5 exd5 25. Re1 Bc6 26. Bc2 0-1

[Event "Niedersachsen-ch Seniors op 13th"]
[Site "Bad Bevensen"]
[Date "2010.07.12"]
[Round "7"]
[White "Wiemer, Juergen"]
[Black "Ahlberg, Guenter"]
[Result "1/2-1/2"]
[WhiteElo "2011"]
[BlackElo "1855"]
[PlyCount "88"]
[EventDate "2010.07.06"]
[EventType "swiss"]
[EventRounds "9"]
[EventCountry "GER"]
[SourceTitle "EXT 2012"]
[Source "ChessBase"]
[SourceDate "2011.11.24"]
[SourceVersion "1"]
[SourceVersionDate "2011.11.24"]
[SourceQuality "1"]

1. e4 c6 2. d4 d5 3. e5 Bf5 4. Ne2 e6 5. Ng3 Bg6 6. Nc3 a6 7. a3 c5 8. dxc5 Bxc5 9. Bd3 Nc6 10. f4 Nge7 11. Nce2 Qb6 12. Rf1 Bxd3 13. Qxd3 Ng6 14. b4 Be7 15. Be3 Qc7 16. c4 dxc4 17. Qxc4 Rc8 18. Rc1 Qb8 19. Ne4 0-0 20. Qb3 Nh4 21. Kf2 Nf5 22. g4 Nxe3 23. Qxe3 Qa7 24. Rfd1 Qxe3+ 25. Kxe3 Rfd8 26. Rxd8+ Rxd8 27. Nc5 Bxc5+ 28. Rxc5 Ne7 29. Nc3 Rd7 30. b5 axb5 31. Nxb5 Rd5 32. Rxd5 Nxd5+ 33. Ke4 Kf8 34. f5 Ke7 35. h4 b6 36. h5 h6 37. Nd4 Kd7 38. Kd3 Nc7 39. Ke4 Nd5 40. Kd3 Nc7 41. Ke4 Nd5 42. Nb5 Ke7 43. Kd4 Kd7 44. Ke4 Ke7 1/2-1/2

[Event "Niedersachsen-ch Seniors op 13th"]
[Site "Bad Bevensen"]
[Date "2010.07.10"]
[Round "5"]
[White "Raitza, Egon"]
[Black "Ahlberg, Guenter"]
[Result "0-1"]
[WhiteElo "1695"]
[BlackElo "1855"]
[PlyCount "64"]
[EventDate "2010.07.06"]
[EventType "swiss"]
[EventRounds "9"]
[EventCountry "GER"]
[SourceTitle "EXT 2012"]
[Source "ChessBase"]
[SourceDate "2011.11.24"]
[SourceVersion "1"]
[SourceVersionDate "2011.11.24"]
[SourceQuality "1"]

1. d4 c6 2. Nf3 d5 3. e3 Bg4 4. c4 e6 5. Qb3 Qc7 6. Ne5 Bh5 7. cxd5 exd5 8. Nd2 Bd6 9. Ndf3 Nf6 10. Bd2 Nbd7 11. Bc3 Ne4 12. Nxd7 Qxd7 13. h3 a5 14. Bd3 0-0 15. 0-0 Bxf3 16. gxf3 Ng5 17. Be2 Qxh3 18. f4 Nf3+ 19. Bxf3 Qxf3 20. Qd1 Qh3 21. Qe2 f5 22. f3 Rae8 23. Rf2 Bxf4 24. Bd2 Rf6 25. Rg2 Ree6 26. Qf2 Rg6 27. exf4 Rxg2+ 28. Qxg2 Qxg2+ 29. Kxg2 Re2+ 30. Kg3 Rxd2 31. Rb1 Rxd4 32. b4 b5 0-1

[Event "Berlin-ch Seniors op 26th"]
[Site "Berlin"]
[Date "2010.02.12"]
[Round "4"]
[White "Albinus, Guenter"]
[Black "Ahlberg, Guenter"]
[Result "0-1"]
[WhiteElo "1664"]
[BlackElo "1847"]
[PlyCount "82"]
[EventDate "2010.02.09"]
[EventType "swiss"]
[EventRounds "9"]
[EventCountry "GER"]
[SourceTitle "EXT 2012"]
[Source "ChessBase"]
[SourceDate "2011.11.24"]
[SourceVersion "1"]
[SourceVersionDate "2011.11.24"]
[SourceQuality "1"]

1. e4 c6 2. d4 d5 3. Nc3 dxe4 4. Nxe4 Bf5 5. Ng3 Bg6 6. Nf3 Nd7 7. h4 h6 8. Bd3 Bxd3 9. Qxd3 Qc7 10. Bd2 e6 11. Qe2 0-0-0 12. 0-0-0 Ngf6 13. Kb1 Bd6 14. Ne4 Nxe4 15. Qxe4 Nf6 16. Qe2 Nd7 17. Bc3 Nf6 18. Bd2 Rhe8 19. Ne5 c5 20. Ng4 Nd7 21. dxc5 Nxc5 22. Rh3 f5 23. Ne3 Ne4 24. Be1 Be5 25. Nf1 Rxd1+ 26. Qxd1 Nc5 27. Ra3 Rd8 28. Qe2 Qd6 29. Bd2 Kb8 30. f3 Qd4 31. Bc1 Bf6 32. g3 a6 33. Re3 e5 34. Qe1 g5 35. b4 Na4 36. Rd3 Qb6 37. Rxd8+ Qxd8 38. hxg5 hxg5 39. Ne3 Qd4 40. Nxf5 Nc3+ 41. Ka1 Qc4 0-1

[Event "Berlin-ch Seniors op 26th"]
[Site "Berlin"]
[Date "2010.02.11"]
[Round "3"]
[White "Ahlberg, Guenter"]
[Black "Ollek, Karl Heinz"]
[Result "1-0"]
[WhiteElo "1847"]
[BlackElo "1611"]
[PlyCount "103"]
[EventDate "2010.02.09"]
[EventType "swiss"]
[EventRounds "9"]
[EventCountry "GER"]
[SourceTitle "EXT 2012"]
[Source "ChessBase"]
[SourceDate "2011.11.24"]
[SourceVersion "1"]
[SourceVersionDate "2011.11.24"]
[SourceQuality "1"]

1. e4 e5 2. Nf3 d6 3. d4 Nd7 4. Bc4 h6 5. 0-0 Ngf6 6. dxe5 dxe5 7. b3 Bd6 8. Bb2 0-0 9. Qe2 c6 10. Rd1 Qc7 11. a4 Nc5 12. Nfd2 Bg4 13. f3 Bh5 14. Nc3 Rfe8 15. Nf1 Ne6 16. Bxe6 Rxe6 17. Ng3 Bg6 18. Rd2 Rd8 19. Rad1 Bc5+ 20. Kf1 Rxd2 21. Rxd2 Rd6 22. Nb1 Rxd2 23. Nxd2 Nd7 24. Qd3 a6 25. Ne2 Qd6 26. Nc1 f6 27. Nc4 Qxd3+ 28. Nxd3 b5 29. Na5 bxa4 30. bxa4 Be8 31. Nxc6 Bf8 32. a5 Nc5 33. Ncb4 Bb5 34. Bc3 Na4 35. Bd2 Nb2 36. Ke2 Kf7 37. Nd5 Bd6 38. Nc3 Bb4 39. Nxb5 Bxd2 40. Nxb2 Bxa5 41. Nd6+ Ke6 42. Ndc4 Bc7 43. Kd3 g5 44. h3 f5 45. g4 fxg4 46. fxg4 Kf6 47. Ne3 Bd8 48. Kc4 Ke6 49. Kc5 Ba5 50. Kc6 Bc3 51. Na4 Bd4 52. Nd5 1-0